000 00613nam a2200181Ia 4500
008 151018s9999 xx 000 0 und d
082 _bRBASDV36754
_a891.462
100 _aकृ मु सावंत
245 _aअसाही एक महान योगी
250 _b1
260 _bललित नाट्य प्रकाशन
_c1993
300 _a80
600 _aकृ मु सावंत
630 _aअसाही एक महान योगी
700 _aकृ मु सावंत
730 _aअसाही एक महान योगी
942 _cBOOK
999 _c1036201
_d1036198